000 00761nam a2200253Ia 4500
003 GCL
008 140319s9999 xx 000 0 ara d
040 _aGCL /
_cGCL
082 0 4 _a348.04
_bع د
100 1 _aعصمت سيف الدولة
245 1 0 _aدفاع عن ثورة مصر /
_cعصمت سيف الدولة
260 _a[S.N] :
_bدار المستقبل العربى ،
_c1990
300 _a301 ص
490 _a
650 0 4 _aالعصر الحديث
650 0 4 _aمصر
650 0 4 _aتاريخ
650 0 4 _aاسرائيل
650 0 4 _aقانون المرافعات
650 0 4 _aالجرائم السياسية
650 0 4 _aالمحاكم الجنائية
650 0 4 _aالتداعى امام المحاكم
942 _2ddc
_cBK
999 _c55867
_d55867